Basic studies in the field of high-temperature engineering second information exchange meeting

Salvato in:
Dettagli Bibliografici
Ente Autore: OECD. Nuclear Energy Agency
Natura: Libro
Lingua:inglese
Pubblicazione: Paris OECD 2002
Serie:Nuclear Science
Soggetti:
Tags: Aggiungi Tag
Nessun Tag, puoi essere il primo ad aggiungerne!!

MARC

LEADER 00000nam a2200000 4500
001 c137042
005 20221124091800.0
020 |a 92-64-19796-6 
041 0 |a eng 
044 |a FR 
245 1 0 |a Basic studies in the field of high-temperature engineering  |b second information exchange meeting 
264 1 |a Paris  |b OECD  |c 2002 
300 |a 356 s. 
490 1 |a Nuclear Science 
830 0 |a Nuclear Science 
610 2 0 |a energia atómová 
610 2 0 |a reaktory 
610 2 0 |a výskum 
610 2 0 |a porovnanie medzinárodné 
710 2 |a OECD. Nuclear Energy Agency